LEADER 00976nam0 2200277 450 001 000021566 005 20090115112122.0 100 $a20090115d1978----km-y0itay50------ba 101 0 $aita 102 $aIT 105 $ay-------001yy 200 1 $aTeoria e tecnica delle imposte sui redditi$fMario Maccarone 210 $aMilano$cA. Giuffrè$d1978 215 $a2 v.$d25 cm 225 2 $a<>ordinamento tributario italiano 327 1 $a1.: L'imposta sul reddito delle persone fisiche$a2.: L'imposta sul reddito delle persone giuridiche 410 0$12001$a<>ordinamento tributario italiano 500 10$aTeoria e tecnica delle imposte sui redditi$946640 610 1 $aImposte 700 1$aMaccarone,$bMario$4070$0231510 801 0$aIT$bUNIPARTHENOPE$c20090115$gRICA$2UNIMARC 912 $a000021566 951 $a323/82$b5643$cNAVA2$d2009 951 $a323/83$b5644$cNAVA2$d2009 996 $aTeoria e tecnica delle imposte sui redditi$946640 997 $aUNIPARTHENOPE LEADER 00915nam0 22002411i 450 001 UON00210559 005 20231205103333.159 010 $a07-12-30266-2 100 $a20030730d1991 |0itac50 ba 101 $aeng 102 $aGB 105 $a|||| ||||| 200 1 $a Anglo-Saxon manuscripts$fMichelle P. Brown 210 $aLondon$cThe British Library$d1991. 80 p.$cin gran parte ill. ; 24 cm 620 $aGB$dLondon$3UONL003044 700 1$aBROWN$bMichelle P.$3UONV126733$0157405 712 $aBritish Library $3UONV247198$4650 801 $aIT$bSOL$c20241115$gRICA 899 $aSIBA - SISTEMA BIBLIOTECARIO DI ATENEO$2UONSI 912 $aUON00210559 950 $aSIBA - SISTEMA BIBLIOTECARIO DI ATENEO$dSI Fil.R XIV Smarrito $eSI LO 54774 5 $sSmarrito 996 $aAnglo-Saxon manuscripts$91260176 997 $aUNIOR